| 000 | 01298pam a2200385 a 4500 | ||
|---|---|---|---|
| 001 | 2348 | ||
| 003 | FISKH | ||
| 005 | 20250205155947.0 | ||
| 008 | 971112s1998 nyua b 000 1 eng | ||
| 010 | _a 97049197 | ||
| 020 | _a0679889310 (pbk.) | ||
| 020 | _a9780590639187 | ||
| 020 | _a0679989315 (glb) | ||
| 040 |
_aDLC _cDLC _dDLC _beng |
||
| 042 | _alcac | ||
| 050 | 0 | 0 |
_aPZ7.P2197 _bJtwe 1998 |
| 082 | 0 | 0 |
_a[Fic] _221 |
| 100 | 1 | _aPark, Barbara. | |
| 245 | 1 | 0 |
_aJunie B. Jones is a beauty shop guy / _cby Barbara Park ; illustrated by Denise Brunkus. |
| 250 | _aFirst Scholastic printing, January 1999 | ||
| 260 |
_aNew York : _bScholastic, _c1998. |
||
| 300 |
_a67 pages : _billustrations ; _c20 cm |
||
| 490 | 1 |
_aThe Junie B. Jones series ; _vBook 11 |
|
| 505 | _aM | ||
| 520 | _aAfter her first trip to a beauty parlor Junie decides she wants to work there, and she practices on her bunny slippers, her dog, and herself with disastrous results. | ||
| 521 | 8 |
_a530
_bLexile |
|
| 521 | 8 |
_aM
_bRaz-Plus |
|
| 650 | 1 |
_aBeauty shops _xFiction. |
|
| 650 | 1 |
_aHair _xFiction. |
|
| 650 | 1 |
_aKindergarten _xFiction. |
|
| 650 | 1 |
_aSchools _xFiction. |
|
| 700 | 1 |
_aBrunkus, Denise, _eillustrator |
|
| 906 |
_a7 _bcbc _corignew _d1 _eocip _f19 _gy-gencatlg |
||
| 942 |
_2ddc _cBK _n0 |
||
| 999 |
_c2348 _d2348 |
||